Statistiken für Lehnwörter im Japanischen

Klicken Sie hier um das Quiz zu spielen!

Allgemein

  • Dieses Quiz wurde 29 mal gespielt
  • Das Durchschnittsergebnis liegt bei 6 aus 10

Antwortstatistiken

LehnwortHerkunftsspracheOriginalwort% Korrekt
DopperugengaDeutschDoppelgänger
85%
KonpyutaEnglischComputer
81%
ArubaitoDeutschArbeit
77%
DejabuFranzösischDéjà-Vu
77%
TenshiChinesischTiānshǐ
62%
PorutagaisutoDeutschPoltergeist
62%
PurintaEnglischPrinter
62%
AiChinesischÀi
42%
DenwaChinesischDiànhuà
27%
KohiNiederländischKoffie
12%

Verteilung der Resultate

Perzentil nach korrekt beantworteten Fragen

Anzahl Personen mit jedem Resultat

Ihre Resultats-Entwicklung

Sie haben dieses Quiz noch nicht gespielt